00556cam a2200193 a 450000500170000000800410001701000150005802000260007303500140009903700130011304000130012608200080013924500420014725000100018926000490019927000730024830000240032170000170034520230605164146.0940308s1993 enkab b 001 0 eng  aENG-137002 c250.00a9789393734013 aEN-120534 bDBAD/PUB adplbEng a88110aShades of Resiliencecby Kum Kum Ray, aFirst aKolkatabExceller Books A Global Pressc2022 aG-1,Dream Apartment, Degree College Road, BelghariabKolkatae700056 a61,;c21cm,( Pbk ) aRay, Kum Kum